Vista normal Vista MARC

Entrada Materia (personas)

Número de registros utilizados en: 1

001 - CONTROL NUMBER

  • control field: 83949

003 - CONTROL NUMBER IDENTIFIER

  • control field: Co-BoUCM

005 - DATE AND TIME OF LATEST TRANSACTION

  • control field: 20170208082826.0

008 - FIXED-LENGTH DATA ELEMENTS

  • fixed length control field: 170208|| aca||aabn | a|a d

040 ## - CATALOGING SOURCE

  • Original cataloging agency: Co-BoUCM
  • Transcribing agency: Co-BoUCM

100 ## - HEADING--PERSONAL NAME

  • Personal name: Fléchier, Esprit
  • Dates associated with a name: 1632-1710

670 ## - SOURCE DATA FOUND

  • Source citation: Work cat.: (Co-BoUCM)305950: Bossuet, Jacques-Bénigne 1664-1743 83948, Oraciones fúnebres de Bossuet, Flechier, Massillon, Mascaron, Bourdalue y La Rue, 1852